| 000 | 03411cam a22004694i 4500 | ||
|---|---|---|---|
| 003 | PE-LiUPU | ||
| 005 | 20250731165439.0 | ||
| 008 | 160607s2015 pe a grm 000 0 spa d | ||
| 035 | _a(Sirsi) a157096 | ||
| 040 |
_aPE-LiUPU _bspa _cPE-LiUPU _erda |
||
| 099 |
_aTF 3 _bV43 2015 |
||
| 100 | 1 |
_aVelarde Ruiz, Ruth Yovanny, _eautor |
|
| 245 | 1 |
_aViolencia de pareja e ideación suicida en mujeres de la Institución Educativa Adventista 28 de Julio de la Ciudad de Tacna, 2015 / _cRuth Yovanny Velarde Ruiz. |
|
| 264 | 0 | _c2015. | |
| 300 |
_a91 hojas : _bilustraciones; _c30 cm |
||
| 336 |
_atext _2rdacontent |
||
| 337 |
_aunmediated _2rdamedia |
||
| 338 |
_avolume _2rdacarrier |
||
| 502 |
_aTesis _b(Mg.) -- _cUniversidad Peruana Unión, _d2015. |
||
| 504 | _aIncluye bibliografía | ||
| 520 | 3 | _aLa presente investigación buscó establecer la relación significativa entre la violencia de pareja e ideación suicida en la mujer de la institución adventista 28 de Julio, Tacna. El tipo de investigación es descriptivo, cuantitativa, correlacionar ya que ha permitido encontrar la relación entre las variables. Asimismo el diseño de la investigación es no experimental siendo que no se manipuló las variables. Además esta investigación es de corte transversal puesto que los datos fueron recolectados en un momento y tiempo único, mediante la aplicación de los instrumentos "índice de abuso de pareja" autor: Hudson y Mclntosh (1981) adaptado por la autora e "Ideación suicida" Autor: Aarón Beck (1970) la fiabilidad global de la escala y de sus dimensiones se valoró calculando el índice de la consistencia interna mediante el coeficiente Alpha de Cronbach, junto con el instrumento ideación suicida de 20 ítems en la muestra estudiada es de ,957 que puede ser valorado como indicador de una elevada fiabilidad y de manera similar ocurre con las cuatro dimensiones de la escala. La investigación se realizó a 176 mujeres de dicha institución que cumplieron los criterios, en los resultados se encontró que hay relación significativa entre la violencia de pareja con la ideación suicida en las mujeres evaluadas. Según la coeficiente de correlación de Sperman indica que existe una relación significativa entre actitud hacia la muerte y el abuso no físico, es decir cuanto mayor sea la intensidad del abuso no físico mayor será la actitud hacia la muerte en las mujeres evaluadas. Existe una relación altamente significativa entre actitud hacia la muerte y el abuso físico (rho=,372, p<0.01). Es decir cuanto mayor sea la intensidad del abuso físico (violencia sexual, agresividad, percepción que la pareja actúa como si quisiera matarla, entre otros) mayor será la actitud hacia la muerte en las mujeres evaluadas. | |
| 526 | _aSEG44 | ||
| 526 | _aSEG26 | ||
| 526 | _aP151 | ||
| 526 | _aP150 | ||
| 526 | _aP149 | ||
| 526 | _aP146 | ||
| 526 | _aP145 | ||
| 526 | _aP126 | ||
| 526 | _aP125 | ||
| 526 | _aP92 | ||
| 526 | _aP75 | ||
| 526 | _aP74 | ||
| 526 | _aP27 | ||
| 526 | _aP15 | ||
| 650 | 0 | 4 |
_aConducta suicida _xViolencia en la familia. |
| 650 | 0 | 4 |
_aEscolares _xConducta suicida. |
| 650 | 0 | 4 |
_aMujeres adolescentes _xConducta suicida. |
| 596 | _a1 | ||
| 942 |
_2ddc _cTESIS |
||
| 999 |
_aTF 3 V43 2015 _wALPHANUM _c9764 _iT01987 _lCCODEBUL3 _mBUL _r1 _sY _tTESIS _u2016-6-7 _xPOSGRADO _PP54 _o.STAFF. Tesis _d9764 |
||
| 980 |
_81 _gALBERTO SANCHEZ Responsable de Automatización |
||